• 首页
  • 本馆介绍
  • 公告通知
  • 最新文献
  • 馆藏检索
  • 电子资源
  • 读者导购
  • 参考咨询
  • 我的图书馆
  • 登录
  • 详细信息显示
  • 放入我的书架
  • 预约/预借图书
  • 作者相关作品
  • 分类相关作品
  • 丛书相关作品
  • 出版社相关作品

书目信息

  • 表格格式
  • 工作单格式
  • 卡片格式
书名: The classical theory of fields
作者: L. D. Landau and E. M. Lifshitz ; translated from the Russian by Morton Hamermesh
分册号:
分册名:
出版地: Oxford ;
 
出版社: Pergamon Press
出版时间: 1975.
页数: xi, 402 p. :
开本: 27 cm.
丛书名:
中图分类号:
科图分类号:
其他分类号: H31:O441
主题词:
电子资源:
000 01725nam 2200373 a 4500
001 E0731722727
005 20070228084901.32
008 uu
008 00110 eng
010    @a75004737 //r884
015    @aGB***
020    @a0080181767.
041 1  @aengrus
049    @aN5LA
050 0  @aQC665.E4 @bL3713 1975
082    @a530.1/4
090    @a2/O412.2/LLD/ 1975//////675880/*869367/-68/ cop.2-3
090    @aH31:O441
096    @aO412.2 @v2
099    @dH31:O441@ex4
100 10 @aLandau, L. D. @q(Lev Davidovich), @d1908-1968.
240 10 @aTeorii?a? poli?a?. @lEnglish
245 14 @aThe classical theory of fields / @cL. D. Landau and E. M. Lifshitz ; translated from the Russian by Morton Hamermesh
250    @a4th rev. English ed.
260 0  @aOxford ;@aNew York :@bPergamon Press,@c1975.
300    @axi, 402 p. :@bill. ;@c27 cm.
490 1  @aCourse of theoretical physics ; @vv.
500    @aTranslated from the 6th rev. ed. of Teorii?a? poli?a?.
504    @aIncludes bibliographical references and index.
650  0 @aField theory (Physics)
650  0 @aElectromagnetic fields.
700 10 @aLifshit?s?, E. M. @q(Evgeni? Mikha?lovich), @ejoint author.
800 1  @aLandau, L. D. @q(Lev Davidovich), @d1908-1968. @tTeoreticheskai?a? fizika (Izd. 4-e). @lEnglish ; @vv. 2. @b00 @c20020930 @lNLC09 @h2247 @b00 @c20021106 @lNLC09 @h1330 @lNLC09 @h2309 @lNLC09 @h1900 @b00 @c20030409 @lNLC09 @h0947 @b00 @c20030409 @lNLC09 @h0948 @b00 @c20030409 @lNLC09 @h1017 @b00 @c20030715 @lNLC09 @h2251 @b00 @c20030810 @lNLC09 @h1024 @b00 @c20030810 @lNLC09 @h1025 @b00 @c20030810 @lNLC09 @h1032 @b00 @c20030810 @lNLC09 @h1032
852 9  @bWWJC @cJ08S @k2 @hO412.2 @iLLD/1975
    
    The classical theory of fields / / L. D. Landau and E. M. Lifshitz ; translated from the Russian by Morton Hamermesh.-4th rev. English ed.-Oxford ; ; New York : : Pergamon Press, , 1975.
    xi, 402 p. : : ill. ; ; 27 cm.- (Course of theoretical physics ; v.)
    Translated from the 6th rev. ed. of Teorii?a? poli?a?.-Includes bibliographical references and index.
    
    ISBN 0080181767.
    
●
相关链接 在E读中查询图书 在五车中查询图书 在当当中查询图书 在豆瓣中查询图书


正题名:classical theory of fields     索取号:H31:O441/x4         预约/预借

序号 登录号 条形码 馆藏地/架位号 状态 备注
1 01624   000638359   第四借阅区/ [索取号:H31:O441/x4] 在馆    
唐山师范学院图书馆 欢迎您!
大连网信软件有限公司© 版权所有